000 00706cam a2200193 i 4500
005 20251201123350.0
008 250721s2004 jo gr 000 0 ara d
020 _a9957290088
082 1 4 _a213.63
_b ف ر ج
100 1 _aفرج، بسام عطية
_eمؤلف.
245 1 0 _aنبينا صلى الله عليه وسلم رأي العين /
_cالدكتور بسام عطية فرج.
264 3 1 _aعمان :
_bدار العلوم للنشر و التوزيع،
_c2004.
300 _a508 صفحة.
650 1 7 _aالأحكام الشرعية.
650 1 7 _aالسيرة النبوية.
650 1 7 _aمحمد صلى الله عليه وسلم.
942 _2ddc
_cBK
999 _c94464
_d94464